Building peace in West Africa : (Record no. 3194)

MARC details
000 -LEADER
fixed length control field 01305cam a2200325 a 4500
001 - CONTROL NUMBER
control field 12583432
003 - CONTROL NUMBER IDENTIFIER
control field OSt
005 - DATE AND TIME OF LATEST TRANSACTION
control field 20160307161027.0
008 - FIXED-LENGTH DATA ELEMENTS--GENERAL INFORMATION
fixed length control field 011107s2002 cou b 001 0 eng
010 ## - LIBRARY OF CONGRESS CONTROL NUMBER
LC control number 2001048938
020 ## - INTERNATIONAL STANDARD BOOK NUMBER
International Standard Book Number 1588260771 (alk. paper)
040 ## - CATALOGING SOURCE
Original cataloging agency DLC
Transcribing agency DLC
Modifying agency DLC
043 ## - GEOGRAPHIC AREA CODE
Geographic area code fw-----
050 00 - LIBRARY OF CONGRESS CALL NUMBER
Classification number DT476.5
Item number .A34 2002
082 00 - DEWEY DECIMAL CLASSIFICATION NUMBER
Classification number 355.4966
Edition number 21
Item number ADE 2002
100 1# - MAIN ENTRY--PERSONAL NAME
Personal name Adebajo, Adekeye,
Dates associated with a name 1966-
9 (RLIN) 7148
245 10 - TITLE STATEMENT
Title Building peace in West Africa :
Remainder of title Liberia, Sierra Leone, and Guinea-Bissau /
Statement of responsibility, etc. Adekeye Adebajo.
260 ## - PUBLICATION, DISTRIBUTION, ETC. (IMPRINT)
Place of publication, distribution, etc. Boulder, Colo. :
Name of publisher, distributor, etc. Lynne Rienner Publishers,
Date of publication, distribution, etc. 2002.
300 ## - PHYSICAL DESCRIPTION
Extent 192 p. ;
Dimensions 23 cm.
440 #0 - SERIES STATEMENT/ADDED ENTRY--TITLE
Title International Peace Academy occasional paper series
9 (RLIN) 7149
504 ## - BIBLIOGRAPHY, ETC. NOTE
Bibliography, etc Includes bibliographical references (p. 169-177) and index.
650 #0 - SUBJECT ADDED ENTRY--TOPICAL TERM
Topical term or geographic name as entry element Conflict management
Geographic subdivision Africa, West.
9 (RLIN) 7150
650 #0 - SUBJECT ADDED ENTRY--TOPICAL TERM
Topical term or geographic name as entry element National security
Geographic subdivision Africa, West.
9 (RLIN) 7151
650 #0 - SUBJECT ADDED ENTRY--TOPICAL TERM
Topical term or geographic name as entry element Political stability
Geographic subdivision Africa, West.
9 (RLIN) 7152
650 #0 - SUBJECT ADDED ENTRY--TOPICAL TERM
Topical term or geographic name as entry element Peace-building
Geographic subdivision Africa, West.
9 (RLIN) 7153
651 #0 - SUBJECT ADDED ENTRY--GEOGRAPHIC NAME
Geographic name Africa, West
General subdivision Politics and government
Chronological subdivision 1960-
9 (RLIN) 7154
906 ## - LOCAL DATA ELEMENT F, LDF (RLIN)
a 7
b cbc
c orignew
d 1
e ocip
f 20
g y-gencatlg
942 ## - ADDED ENTRY ELEMENTS (KOHA)
Source of classification or shelving scheme Dewey Decimal Classification
Koha item type Short Loan
Holdings
Withdrawn status Lost status Source of classification or shelving scheme Damaged status Not for loan Home library Current library Date acquired Inventory number Total Checkouts Full call number Barcode Date last seen Price effective from Koha item type
    Dewey Decimal Classification     MUST Main Library MUST Main Library 07/03/2016 2006/26866   355.4966 ADE 2002 2016-0373 07/03/2016 07/03/2016 Short Loan